Prehistoria de Chile

Shranjeno v:
Bibliografske podrobnosti
Glavni avtor: Mostny, Grete (autora)
Format: Knjiga
Jezik:španščina
Izdano: Santiago, Chile Universitaria 2004
Izdaja:Décimoquinta edición
Serija:Imagen de Chile
Teme:
Oznake: Označite
Brez oznak, prvi označite!

MARC

LEADER 00000nam a2200000 a 4500
001 UCK5244
003 CL-VaPUC
005 20240611105634.0
008 050715e20040000CL |||||||||||||||||spa|d
999 |c 313876  |d 313874 
020 |a 9561117053 
040 |c Pontificia Universidad Católica de Valparaíso 
082 0 4 |a 983.01 MOS 2004  |2 21 
100 |a Mostny, Grete  |e autora  |9 494000 
245 1 0 |a Prehistoria de Chile 
250 |a Décimoquinta edición 
260 |a Santiago, Chile  |b Universitaria  |c 2004 
300 |a 184 páginas 
490 0 |a Imagen de Chile 
583 |a last modification  |c 20050715 00:00:00  |k Rodrigo Vera 
650 0 |a Prehistoria  |z CHILE  |9 316557 
650 0 |a Arqueología   |z CHILE  |9 265619 
650 0 |a Historia de Chile  |9 265473 
852 |a BIBCUR 
942 |c BK  |2 ddc 
945 |d 20050715 00:00:00  |a jcarroza 
952 |0 0  |1 0  |2 ddc  |4 0  |6 983_010000000000000_MOS_2004  |7 0  |8 A  |9 385627  |a BIBHIS  |b BIBHIS  |d 2019-11-22  |i 4145097  |l 2  |m 1  |o 983.01 MOS 2004  |p 4145097  |r 2025-01-20  |s 2023-03-15  |t 1  |w 2019-11-22  |y BK  |k HIS